| 000 | 00437nam a2200157Ia 4500 | ||
|---|---|---|---|
| 008 | 230312s9999||||xx |||||||||||||| ||und|| | ||
| 020 | _a1-55542-487-2 | ||
| 082 |
_a302.35 _bSCH-O |
||
| 100 | _aSchein,Edgar H. | ||
| 245 | 0 | _aOrganizational Culture and Leadership | |
| 260 |
_bJossey-Bass _aSan Francisco _c1992 |
||
| 300 | _a418 | ||
| 546 | _aEng. | ||
| 650 |
_aEconomics _vWhat Culture is and Does , Dimensions of Culture |
||
| 942 | _cBK | ||
| 999 |
_c4486 _d4486 |
||